Statistics/ (Record no. 201714)

MARC details
000 -LEADER
fixed length control field 00527nam a22001817a 4500
005 - DATE AND TIME OF LATEST TRANSACTION
control field 20240321150309.0
010 ## - LCCN (DPL NO)
LC control number ENG139827
020 ## - INTERNATIONAL STANDARD BOOK NUMBER
International Standard Book Number 9789390746231
Terms of availability 1028.00
035 ## - SYSTEM CONTROL NUMBER
System control number EN-123359
037 ## - SOURCE OF ACQUISITION
Source of stock number/acquisition DBAD/PUB
082 ## - DEWEY DECIMAL CLASSIFICATION NUMBER
Classification number 519.5
100 ## - MAIN ENTRY--PERSONAL NAME
Personal name Callao Margaito B.
245 ## - TITLE STATEMENT
Title Statistics/
Statement of responsibility, etc By Margaito B. Callao
260 ## - PUBLICATION, DISTRIBUTION, ETC. (IMPRINT)
Place of publication, distribution, etc Belghaia
Name of publisher, distributor, etc Excellence Books
270 ## - ADDRESS
Address G1, Dream Apartment , Degree College Road
City Kolkata
Postal code 7000056
300 ## - PHYSICAL DESCRIPTION
Extent 102pg;
Dimensions 22cm(Pbk)
942 ## - ADDED ENTRY ELEMENTS (KOHA)
Source of classification or shelving scheme Dewey Decimal Classification
Item type English Books
Classification part 519.5
Call number suffix CAL
Holdings
Withdrawn status Lost status Not for loan Collection code Home library Current library Date acquired Source of acquisition Cost, normal purchase price Full call number Barcode Copy number Cost, replacement price Koha item type
      Non-fiction New Police Line New Police Line 21/03/2024 DBAD/PUB 1028.00 519.5 CAL EN-123359 1 1028.00 English Books

© Delhi Public Library
Hit Counter
free hit counter